000 00319nam a2200145Ia 4500
008 230718s9999 xx 000 0 und d
041 _aEng.
082 _a823
_bBRO-S
100 _aBrooks, Terry
245 0 _aStair wars
260 _aPakistan
_bMw york and Rs
_c1995
300 _a324
650 _aLaw
999 _c26588
_d26588